• 首页
  • 本馆介绍
  • 公告通知
  • 最新文献
  • 馆藏检索
  • 电子资源
  • 读者导购
  • 参考咨询
  • 我的图书馆
  • 登录
  • 详细信息显示
  • 放入我的书架
  • 预约/预借图书
  • 作者相关作品
  • 分类相关作品
  • 丛书相关作品
  • 出版社相关作品

书目信息

  • 表格格式
  • 工作单格式
  • 卡片格式
书名: Conducting educational research
作者: Bruce W. Tuckman
分册号:
分册名:
出版地: New York :
 
出版社: Harcourt Brace Jovanovich
出版时间: c1978.
页数: xvi, 479 p. :
开本: 25 cm.
丛书名:
中图分类号:
科图分类号:
其他分类号: G420
主题词:
电子资源:
000 00872nam 2200289 a 4500
001 E0730837285
005 20070226083710.26
008 00110 eng
008 uu
010    @a77015319 //r84
020    @a0155129813.
049    @aN5LA
050 0  @aLB1028 @b.T8 1978
082    @a370/.78
090    @a2/G428/TBW/ 1978//////////262404
090    @aG420
096    @aG428 @v2
099    @dG420@ex2=2
100 10 @aTuckman, Bruce W., @d1938-
245 10 @aConducting educational research / @cBruce W. Tuckman
250    @a2nd ed.
260 0  @aNew York :@bHarcourt Brace Jovanovich,@cc1978.
300    @axvi, 479 p. :@bill. ;@c25 cm.
500    @aIncludes indexes.
504    @aBibliography: p. 395-399.
650  0 @aEducation @xResearch. @b00 @c20020930 @lNLC09 @h2247 @lNLC09 @h2313 @lNLC09 @h1904
852 9  @bWWJC @cJ08S @k2 @hG428 @iTBW/1978
    
    Conducting educational research / / Bruce W. Tuckman.-2nd ed.-New York : : Harcourt Brace Jovanovich, , c1978.
    xvi, 479 p. : : ill. ; ; 25 cm.
    Includes indexes.-Bibliography: p. 395-399.
    
    ISBN 0155129813.
    
●
相关链接 在E读中查询图书 在五车中查询图书 在当当中查询图书 在豆瓣中查询图书


正题名:Conducting educational research     索取号:G420/x2=2         预约/预借

序号 登录号 条形码 馆藏地/架位号 状态 备注
1 182728   001171733   第二样本阅览室/ [索取号:G420/x2=2] 在馆    
2 182729   001171742   第四借阅区/ [索取号:G420/x2=2] 在馆    
唐山师范学院图书馆 欢迎您!
大连网信软件有限公司© 版权所有